000 01763nam a2200277Ia 4500
999 _c56589
_d56589
001 23703
003 GE_BSU
005 20260406173426.0
008 181216s1992||||ge |||||||||||||| ||geo||
040 _cGE_BSU
041 _ageo
080 _a930(479.22) + 94(479.22) + 811.353.1 ჯ-14
100 _aჯავახიშვილი, ი. (ივანე, 1876-1940)
_911800
245 _aთხზულებანი : 12 ტომად. ტ. 10, ქართული და კავკასიური ენების თავდაპირველი ბუნება და ნათესაობა /
_cივანე ჯავახიშვილი ; მთ. რედ. შ. ლორთქიფანიძე ; ტომის რედ. ა. ჩიქობავა , ქ. ლომთათიძე. საქ. სსრ მეცნ. აკადემია.
264 _aთბილისი :
_bმეცნიერება,
_c1992.
300 _a768 გვ.
_b ილ. ;
_c26 სმ.
500 _aსაძიებ. გვ. 629-753
541 _h50 ლ.
653 _aთხზულებანი : 12 ტომად ტ. 10
653 _aქართული და კავკასიური ენების თავდაპირველი ბუნება და ნათესაობა
700 _aმთ. რედ. შ. ლორთქიფანიძე ; , .
_927257
700 _a ჩიქობავა, ა.
_eტომის რედაქტორი
_927258
700 _a ქ. ლომთათიძე.
_eტომის რედაქტორი
_927259
710 _aსაქ. სსრ მეცნ. აკადემია
_927260
942 _cBK
_2udc